| 000 | 01688cam a22004574i 4500 | ||
|---|---|---|---|
| 003 | PE-LiUPU | ||
| 005 | 20250731172801.0 | ||
| 008 | 150617s19?? ag r 000 0 spa d | ||
| 035 | _a(Sirsi) a13112 | ||
| 040 |
_aPE-LiUPU _bspa _cPE-LiUPU _dPE-LiUPU _erda |
||
| 049 | _aPRUA | ||
| 082 | 0 | 4 |
_a229.09 _bS61 _221 |
| 100 | 1 |
_aSmith, William, _eautor. |
|
| 245 | 1 | 0 |
_aEntre los dos testamentos : _bhistoria secular de los judíos hasta la destrucción de Jerusalén 400 a. C.-70 d. C. / _cWilliam Smith. |
| 264 | 1 |
_aBuenos Aires : _bEditorial Aurora, _c[19?? ]. |
|
| 300 |
_a154 páginas ; _c19 centímetros |
||
| 336 |
_atext _2rdacontent |
||
| 337 |
_aunmediated _2rdamedia |
||
| 338 |
_avolume _2rdacarrier |
||
| 505 | 0 | _aHistoria secular de los Judíos hasta la destrucción de Jerusalén 400 a. C.-70 d. C. | |
| 526 | _aSEG42 | ||
| 526 | _aSEG41 | ||
| 526 | _aSEG40 | ||
| 526 | _aSEG39 | ||
| 526 | _aP94 | ||
| 526 | _aP87 | ||
| 526 | _aP86 | ||
| 526 | _aP85 | ||
| 526 | _aP77 | ||
| 526 | _aP76 | ||
| 526 | _aP35 | ||
| 651 |
_aIsrael _xHistoria. _93301 |
||
| 910 |
_ajck _bjvq _cjck _d20150616 |
||
| 942 |
_2ddc _cBOOK |
||
| 994 |
_aC0 _bPEPRU |
||
| 596 | _a1 | ||
| 999 |
_a229.09 S61 _wDEWEY _c3446 _i12820 _f2021-11-11 _g4 _lCCODEBUL1 _mBUL _p23.00 _r0 _sY _tBOOK _u2015-4-22 _xTEOLOGIA _PP35 _0COMPRA _o.STAFF. Colección Teología _d3446 |
||
| 999 |
_a229.09 S61 _wDEWEY _c2 _i00508 _d2018-10-31 _e2018-10-29 _f2019-12-10 _g4 _lDISCARD _mBUL _n3 _p23.00 _r0 _sY _tBOOK _u2015-4-22 _xTEOLOGIA _PP35 _0COMPRA _o.STAFF. Colección Teología |
||
| 980 |
_81 _gALBERTO SANCHEZ Responsable de Automatización |
||